000
00323nam a2200133Ia 4500
005
20251222155110.0
008
251222s9999||||xx |||||||||||||| ||spa||
082
_a
ETI.192
100
_a
ASPEFEEN/OPS/OMS.
245
0
_a
Enfermería formación ética para la vida
250
_a
1ra. ed.
264
_b
OPS/OMS
942
_c
LIB
999
_c
37999
_d
37999